[Event "AUS-ch Major"]
[Site "Cammeray"]
[Date "2011.01.03"]
[Round "2"]
[White "Javor, Stephen"]
[Black "Selnes, Hamish"]
[Result "1/2-1/2"]
[WhiteElo "1762"]
[BlackElo "1895"]
[PlyCount "109"]
[EventDate "2011.01.02"]
[EventType "swiss"]
[EventRounds "11"]
[EventCountry "AUS"]
[SourceTitle "CBM 140 Extra"]
[Source "ChessBase"]
[SourceDate "2011.03.01"]
[SourceVersion "1"]
[SourceVersionDate "2011.03.01"]
[SourceQuality "1"]

1. e4 c5 2. Nf3 Nc6 3. d4 cxd4 4. Nxd4 Nf6 5. Nc3 e5 6. Ndb5 d6 7. Bg5 a6 8. Na3 b5 9. Nd5 Be7 10. Bxf6 Bxf6 11. c3 0-0 12. Be2 Bg5 13. 0-0 f5 14. exf5 Bxf5 15. Nc2 Ne7 16. Nce3 Bxe3 17. Nxe7+ Qxe7 18. fxe3 Qg5 19. Rf3 Be4 20. Rg3 Qf6 21. Bf3 Bxf3 22. Rxf3 Qe6 23. e4 Rxf3 24. Qxf3 Rf8 25. Qd3 Rd8 26. Qd5 Qxd5 27. exd5 Rc8 28. Kf2 Rc5 29. Rd1 Kf7 30. Ke3 a5 31. Ke4 Rc4+ 32. Ke3 b4 33. Rd3 Kf6 34. cxb4 axb4 35. Rd2 h6 36. Rf2+ Ke7 37. Rd2 Kd7 38. b3 Rf4 39. g3 Rf1 40. Rc2 Rd1 41. Rc4 Rxd5 42. Rxb4 Kc6 43. a4 Rd1 44. Rc4+ Kb6 45. Rc8 d5 46. b4 Rd4 47. Re8 Rxb4 48. Rxe5 d4+ 49. Kd3 Rxa4 50. Rd5 Ra2 51. Rh5 Ra4 52. Rd5 Ra2 53. Rh5 Ra4 54. Rd5 Ra2 55. Rh5 1/2-1/2

[Event "AUS-ch Major"]
[Site "Cammeray"]
[Date "2010.01.13"]
[Round "11"]
[White "Javor, Stephen"]
[Black "Lovejoy, David W"]
[Result "0-1"]
[WhiteElo "1571"]
[BlackElo "1845"]
[PlyCount "122"]
[EventDate "2010.01.02"]
[EventType "swiss"]
[EventRounds "11"]
[EventCountry "AUS"]
[SourceTitle "EXT 2011"]
[Source "ChessBase"]
[SourceDate "2010.11.26"]
[SourceVersion "1"]
[SourceVersionDate "2010.11.26"]
[SourceQuality "1"]

1. e4 e5 2. Nf3 Nc6 3. Bb5 a6 4. Ba4 Nf6 5. 0-0 Be7 6. Re1 b5 7. Bb3 d6 8. c3 0-0 9. h3 Na5 10. Bc2 c5 11. d3 Re8 12. Nbd2 Bf8 13. Nf1 Nc6 14. Bg5 h6 15. Bd2 Ra7 16. Ne3 d5 17. exd5 Nxd5 18. Nxd5 Qxd5 19. Qe2 Bf5 20. Nh4 Bh7 21. f4 Be7 22. Bb3 Qxd3 23. Qxd3 Bxd3 24. Nf3 c4 25. Bd1 e4 26. Nh2 Bc5+ 27. Be3 Bxe3+ 28. Rxe3 Ne7 29. Re1 Nd5 30. g3 f5 31. Nf1 b4 32. cxb4 Bxf1 33. Kxf1 Nxb4 34. Re3 Nd3 35. Rb1 Rb7 36. b3 Reb8 37. Bc2 Kf8 38. Rd1 Nb4 39. Bb1 Rc7 40. Rc3 Rbc8 41. a3 Nd3 42. bxc4 Nc5 43. Ba2 Rb8 44. Ke2 Ke7 45. Ke3 Rb2 46. Rd2 Rxd2 47. Kxd2 Rd7+ 48. Ke2 Rd4 49. Ke3 Rd1 50. g4 fxg4 51. hxg4 Rg1 52. g5 Rg3+ 53. Kd2 Rxc3 54. Kxc3 h5 55. Kd4 h4 56. Ke3 Ke6 57. Bb1 Kf5 58. Bc2 h3 59. Kf2 Kxf4 60. Bd1 Nd3+ 61. Ke2 h2 0-1

[Event "AUS-ch Major"]
[Site "Cammeray"]
[Date "2010.01.09"]
[Round "7"]
[White "Javor, Stephen"]
[Black "Wang, Oscar Miao"]
[Result "0-1"]
[WhiteElo "1571"]
[BlackElo "1748"]
[PlyCount "68"]
[EventDate "2010.01.02"]
[EventType "swiss"]
[EventRounds "11"]
[EventCountry "AUS"]
[SourceTitle "EXT 2011"]
[Source "ChessBase"]
[SourceDate "2010.11.26"]
[SourceVersion "1"]
[SourceVersionDate "2010.11.26"]
[SourceQuality "1"]

1. e4 c5 2. Nf3 e6 3. d4 cxd4 4. Nxd4 Nf6 5. Bd3 Nc6 6. Nb3 Be7 7. 0-0 0-0 8. Nc3 a6 9. Be3 b5 10. f4 d6 11. a4 b4 12. Ne2 Bb7 13. Ng3 Qc7 14. Nh5 Rad8 15. a5 Rd7 16. Nxf6+ Bxf6 17. e5 dxe5 18. Bxh7+ Kxh7 19. Qh5+ Kg8 20. Rf3 g6 21. Qg4 exf4 22. Bb6 Qc8 23. Qxf4 Bxb2 24. Raf1 Rd5 25. Rh3 Bg7 26. g4 Qd7 27. Be3 Nxa5 28. Nc5 Qb5 29. Ne4 f6 30. Qf2 g5 31. Rf3 Qc6 32. Nxf6+ Rxf6 33. Rxf6 Rf5 34. Qxf5 Qg2# 0-1

[Event "AUS-ch Major"]
[Site "Cammeray"]
[Date "2010.01.08"]
[Round "6"]
[White "Barcelona, Eliel"]
[Black "Javor, Stephen"]
[Result "0-1"]
[WhiteElo "1435"]
[BlackElo "1571"]
[PlyCount "78"]
[EventDate "2010.01.02"]
[EventType "swiss"]
[EventRounds "11"]
[EventCountry "AUS"]
[SourceTitle "EXT 2011"]
[Source "ChessBase"]
[SourceDate "2010.11.26"]
[SourceVersion "1"]
[SourceVersionDate "2010.11.26"]
[SourceQuality "1"]

1. e4 c5 2. Nf3 d6 3. d4 cxd4 4. Nxd4 Nf6 5. Nc3 a6 6. Bc4 e6 7. Bb3 Be7 8. Bg5 0-0 9. f4 Qc7 10. 0-0 Nc6 11. Kh1 Nxd4 12. Qxd4 b5 13. Rae1 Bb7 14. Re3 d5 15. Rg3 Nh5 16. Rh3 Bxg5 17. fxg5 Nf4 18. Rh4 e5 19. Qf2 dxe4 20. Kg1 Rad8 21. g3 e3 22. Qxe3 Ng2 23. Qf2 Nxh4 24. gxh4 Qd7 25. Qg3 Kh8 26. h3 Qc6 27. h5 Rd2 28. Nd5 Rxd5 29. Bxd5 Qxd5 30. Kh2 Qd2+ 31. Kg1 Qd4+ 32. Kh2 Qxb2 33. g6 f6 34. h6 Qxc2+ 35. Rf2 Qxg6 36. Qxe5 Re8 37. Qc7 Ba8 38. Qd7 Rg8 39. Qa7 gxh6 0-1

[Event "AUS-ch Major"]
[Site "Cammeray"]
[Date "2010.01.06"]
[Round "4"]
[White "Gillespie, Gary"]
[Black "Javor, Stephen"]
[Result "1-0"]
[WhiteElo "1839"]
[BlackElo "1571"]
[PlyCount "141"]
[EventDate "2010.01.02"]
[EventType "swiss"]
[EventRounds "11"]
[EventCountry "AUS"]
[SourceTitle "EXT 2011"]
[Source "ChessBase"]
[SourceDate "2010.11.26"]
[SourceVersion "1"]
[SourceVersionDate "2010.11.26"]
[SourceQuality "1"]

1. e4 c5 2. Nf3 d6 3. d4 cxd4 4. Nxd4 Nf6 5. Nc3 a6 6. Be3 e6 7. f3 Be7 8. Qd2 0-0 9. 0-0-0 b5 10. g4 Qc7 11. h4 Nc6 12. Nxc6 Qxc6 13. h5 b4 14. Ne2 d5 15. g5 Ne8 16. exd5 Qa4 17. Kb1 e5 18. f4 exf4 19. Bxf4 Bf5 20. Bg2 Rc8 21. Nd4 Bg4 22. Rc1 Nd6 23. Nc6 Nf5 24. Be4 Rfe8 25. Qd3 Bxg5 26. b3 Qb5 27. Qxb5 axb5 28. Bxf5 Bxf5 29. Bxg5 f6 30. Bxf6 gxf6 31. Rhf1 Bg4 32. Rxf6 Bxh5 33. Rg1+ Bg6 34. Nxb4 Rcd8 35. Rb6 Rb8 36. Rxb8 Rxb8 37. Kb2 Kf7 38. Re1 h5 39. Nc6 Rh8 40. d6 Bf5 41. d7 Bxd7 42. Ne5+ Kg7 43. Nxd7 Kg6 44. Ne5+ Kf5 45. Nd3 Kg4 46. Nf2+ Kg3 47. Ne4+ Kg2 48. Nd6 h4 49. Nxb5 h3 50. c4 h2 51. Re2+ Kg1 52. Rxh2 Kxh2 53. Kc3 Kg3 54. c5 Kf4 55. Kd4 Rd8+ 56. Nd6 Ra8 57. a4 Rb8 58. c6 Rb4+ 59. Kc3 Rb6 60. c7 Rc6+ 61. Kb4 Rxc7 62. Kb5 Ke5 63. Nc4+ Kd5 64. a5 Rc5+ 65. Kb6 Rc6+ 66. Kb7 Rh6 67. a6 Kc5 68. a7 Rh7+ 69. Ka6 Rh6+ 70. Ka5 Rh8 71. Nb6 1-0

[Event "AUS-ch Major"]
[Site "Cammeray"]
[Date "2010.01.02"]
[Round "1"]
[White "Javor, Stephen"]
[Black "Thiyagarajah, Anand"]
[Result "0-1"]
[WhiteElo "1571"]
[BlackElo "1873"]
[PlyCount "98"]
[EventDate "2010.01.02"]
[EventType "swiss"]
[EventRounds "11"]
[EventCountry "AUS"]
[SourceTitle "EXT 2011"]
[Source "ChessBase"]
[SourceDate "2010.11.26"]
[SourceVersion "1"]
[SourceVersionDate "2010.11.26"]
[SourceQuality "1"]

1. e4 d5 2. exd5 Qxd5 3. Nc3 Qa5 4. d3 Nf6 5. Nf3 c6 6. h3 Bf5 7. Be2 e5 8. 0-0 Nbd7 9. Nh4 Be6 10. a3 Be7 11. Nf3 0-0 12. Bd2 Qc7 13. Re1 Rad8 14. Qc1 Nd5 15. Nxd5 cxd5 16. Bf1 f6 17. b3 d4 18. Qb2 Nc5 19. a4 Qc6 20. Rec1 Rc8 21. Be1 Rc7 22. Nd2 Rfc8 23. f3 a6 24. Ne4 Nxe4 25. fxe4 Qb6 26. Be2 Bb4 27. Kf1 Bxe1 28. Kxe1 Qb4+ 29. Kd1 Qe7 30. Qa3 Qf7 31. Qb4 Qg6 32. Qe1 Qxg2 33. Bf1 Qf3+ 34. Qe2 Qxe2+ 35. Bxe2 Bxh3 36. Bf3 g5 37. b4 g4 38. Be2 h5 39. Kd2 Bg2 40. Ra2 Rf8 41. Rg1 Bh3 42. Raa1 f5 43. Rg3 f4 44. Rgg1 f3 45. Bf1 Bxf1 46. Raxf1 Rf4 47. Rh1 Rh7 48. c3 dxc3+ 49. Kxc3 g3 0-1